| 000 | 00477nam a22001817a 4500 | ||
|---|---|---|---|
| 003 | CEME | ||
| 005 | 20210628203022.0 | ||
| 008 | 210128b xxu||||| |||| 00| 0 eng d | ||
| 020 | _a9780007360833 | ||
| 040 | _c. | ||
| 082 | _a869.842092 MOR | ||
| 100 |
_aMorais, Fernando _962897 |
||
| 245 | _aA warriors life ,a biography of paulo coelho | ||
| 260 |
_aBRAZIL _bHARPER & COLINS _c2008 |
||
| 300 | _a470P | ||
| 650 |
_aBIOGRAPHY OF PAULO COELHO. _962898 |
||
| 942 |
_cBK _2ddc |
||
| 999 |
_c571852 _d571852 |
||